| 000 | 00694nam a2200205Ii 4500 | ||
|---|---|---|---|
| 003 | JO-AjNU | ||
| 008 | 230605s9999||||xx |||||||||||||| ||und|| | ||
| 040 |
_aJO-AjNU _bara _erda _cJO-AjNU |
||
| 041 | _aara | ||
| 050 | 1 | 4 | _aBP171.Q7887 1983 |
| 100 | 3 |
_aقطب، محمد, _eauthor _917250 |
|
| 245 | 0 | 0 | _aالإنسان بين المادية والإسلام |
| 250 | _aط8 | ||
| 264 | 3 | 1 | _aبيروت: دار الشروق، 1983 |
| 300 | _a224ص | ||
| 336 |
_atext _btxt _2rdacontent |
||
| 337 |
_aunmediated _bn _2rdamedia |
||
| 338 |
_avolume _bnc _2rdacarrier |
||
| 650 | 4 |
_aالاسلام والانسان- الاسلام والمادية- فلسفة- مقالات ومحاضرات _917251 |
|
| 999 |
_aA5289 _c8857 _d8857 |
||